00347nam a2200097Ia 4500008004100000020001800041245012600059250001100185260003900196300001400235180116s9999 xx 000 0 und d a9780857111746 cAlexander T. Florence, David AttwoodaPhysicochemical Principles of Pharmacy in Manufacture, Formulation and Clinical Use a6th ed bRoyal Pharmaceutical Societyc2016 a647 pages